|
|
|
|
| LEADER |
00000cam a2200000 7i4500 |
| 001 |
0000032016 |
| 005 |
20051018093000.0 |
| 090 |
0 |
0 |
|a BP166.2
|b .S24 1984
|
| 100 |
0 |
|
|a سليم, محمد ,
|e author
|
| 241 |
2 |
0 |
|a Asma' Allah al-husna
|b lil-atfal
|
| 245 |
1 |
2 |
|a اسماء الله الحسنى :
|b للاطفال
|c محمد سليم
|
| 260 |
2 |
|
|a Jiddah :
|b Dar al-Matbu`at al-Hadithah ,
|c 1984
|
| 300 |
|
|
|a 207 p. ;
|c 24 cm.
|
| 504 |
|
|
|a Includes bibliographical references and indexes
|
| 650 |
|
0 |
|a God (Islam)
|x Attributes
|
| 650 |
|
0 |
|a God (Islam)
|x Name
|
| 999 |
|
|
|a 1000061646
|b Book
|c OPEN SHELF (30 DAYS)
|e Gong Badak Campus
|